Datos para el conocimiento de la distribución geográfica de los arácnidos / (Record no. 62565)

MARC details
000 -LEADER
campo de control de longitud fija 00633nam a2200193 i 4500
001 - NÚMERO DE CONTROL
campo de control 62565
003 - IDENTIFICADOR DE NÚMERO DE CONTROL
campo de control ES-MaACL
005 - FECHA Y HORA DE LA ÚLTIMA TRANSACCIÓN
campo de control 20251004063111.0
007 - CAMPO FIJO DE DESCRIPCIÓN FÍSICA--INFORMACIÓN GENERAL
campo de control de longitud fija t|
008 - DATOS DE LONGITUD FIJA--INFORMACIÓN GENERAL
campo de control de longitud fija 031124s1910 sp ||||1| spa d
100 1# - ENTRADA PRINCIPAL--NOMBRE DE PERSONA
Nombre de persona Fernández Galiano, Emilio,
Fechas asociadas al nombre 1885-1953
9 (RLIN) 49799
245 10 - MENCIÓN DEL TÍTULO
Título Datos para el conocimiento de la distribución geográfica de los arácnidos /
Mención de responsabilidad, etc. Emilio Fernández Galiano.
260 ## - PUBLICACIÓN, DISTRIBUCIÓN, ETC.
Lugar de publicación, distribución, etc. Madrid :
Nombre del editor, distribuidor, etc. [s.n],
Fecha de publicación, distribución, etc. 1910 (
Fabricante Est. Tip. de Fortanet)
300 ## - DESCRIPCIÓN FÍSICA
Extensión 86 p. ;
Dimensiones 25 cm.
502 ## - NOTA DE TESIS
Nota de tesis Tesis doctoral.
650 #4 - PUNTO DE ACCESO ADICIONAL DE MATERIA--TÉRMINO DE MATERIA
Término de materia o nombre geográfico como elemento de entrada Arácnidos-
Subdivisión geográfica España.
9 (RLIN) 142439
852 ## - LOCALIZACIÓN
Ubicación ES-MaACL
Número de control de estantería T-1224-F-12
Holdings
Estatus retirado Estado de pérdida Estado de daño No para préstamo Colección Biblioteca de origen Biblioteca actual Ubicación en estantería Fecha de adquisición Fuente de adquisición Total de préstamos Signatura topográfica completa Código de barras Visto por última vez Precio de reemplazo Tipo de ítem Koha
        Colección de folletos Biblioteca del Ateneo de Madrid Biblioteca del Ateneo de Madrid Depósito folletos 17/01/2008     T-1224-F-12 1065591 23/02/2023 23/02/2023 Folleto